00361nam a2200133 a 450008200160000010000150001624500680003126000360009930000090013550000350014450500130017965000200019270000150021200a922.97bKUM aKumar, H L aApostle of Unity: Biographical Study of Maulana Abul Kalam Azad aLahorebHero Publicationsc1942 a109p aincludes index and biblioraphy2 aAppendix aAbul Kalam Azad1 aKumar, H L